Animaux nationaux - Statistiques

Statistiques générales
  • Ce quiz a été pris 488 fois
  • Le résultat moyen est 20 sur 38
Statistiques - réponses
Pays Animal % Correct
Angleterre Lion
93%
Cameroun Lion
93%
Ethiopie Lion
93%
Egypte Aigle des steppes
88%
Allemagne Aigle noir
88%
Mexique Aigle royal
88%
France Coq
87%
Russie Ours brun
81%
Côte d'Ivoire Eléphant
80%
République Centrafricaine Eléphant
80%
Thaïlande Eléphant
80%
Australie Kangourou, Emeu d'Australie
76%
Bangladesh Tigre du Bengale
76%
Inde Tigre du Bengale
76%
Chine Panda Géant
57%
Espagne Taureau
56%
Mongolie Cheval de Przewalski
54%
Italie Loup d'Italie
53%
Tanzanie Girafe
45%
Nouvelle-Zélande Kiwi
45%
Bolivie Lama, Condor des Andes
45%
Pays de Galles Dragon
43%
Botswana Zèbre
43%
Etats-Unis Bison, Pygargue à tête blanche
42%
Algérie Fennec
39%
Seychelles Dauphin
34%
Canada Castor
30%
Koweit Dromadaire
29%
Afrique du Sud Springbok, Grue bleue, Galjoen
29%
Equateur Condor des Andes
25%
Syrie Faucon
24%
Maurice Dodo
20%
Ecosse Licorne
17%
Ouganda Grue royale
15%
Madagascar Maki Catta
10%
Namibie Oryx
10%
Danemark Cygne tuberculé
9%
Lituanie Cigogne Blanche
4%
Aucun quiz correspondant
Distribution des résultats
% des personnes avec chaque résultat
Percentile par nombre de réponses
Votre historique - résultats
Vous n’avez pas pris ce quiz